Creating treatment environments for troubled youth: evidence-based design in architecture

Saved in:  
Bibliographic Details
Main Author: Sullivan, Patrick M. (Author)
Format: Print Book
Language:English
Published: Alexandria, VA American Correctional Association 2010
In:Year: 2010
Online Access: Table of Contents
Availability in Tübingen:Present in Tübingen.
UB: KB 3 B 708
Check availability: HBZ Gateway
Subito Delivery Service: Order now.
Keywords:

MARC

LEADER 00000cam a2200000 c 4500
001 1602213852
003 DE-627
005 20251225191149.0
007 tu
008 100323s2010 xxu||||| 00| ||eng c
010 |a  2009039439 
020 |a 9781569913147  |9 978-1-56991-314-7 
035 |a (DE-627)1602213852 
035 |a (DE-576)321079299 
035 |a (DE-599)BSZ321079299 
035 |a (OCoLC)699923425 
040 |a DE-627  |b ger  |c DE-627  |e rakwb 
041 |a eng 
044 |c XD-US 
050 0 |a HV8805 
082 0 |a 365.6610835 
100 1 |a Sullivan, Patrick M.  |0 (DE-627)1391079280  |0 (DE-576)321079280  |4 aut 
109 |a Sullivan, Patrick M.  |a Sullivan, Patrick 
245 1 0 |a Creating treatment environments for troubled youth  |b evidence-based design in architecture  |c Patrick M. Sullivan 
264 1 |a Alexandria, VA  |b American Correctional Association  |c 2010 
300 |a XVIII, 302 S.  |b Ill. 
336 |a Text  |b txt  |2 rdacontent 
337 |a ohne Hilfsmittel zu benutzen  |b n  |2 rdamedia 
338 |a Band  |b nc  |2 rdacarrier 
500 |a Includes bibliographical references and index 
650 0 |a Correctional institutions  |x Design and construction 
650 0 |a Juvenile corrections 
689 0 0 |d g  |0 (DE-588)4078704-7  |0 (DE-627)106076612  |0 (DE-576)209209682  |a USA  |2 gnd 
689 0 1 |d s  |0 (DE-588)4162866-4  |0 (DE-627)105459046  |0 (DE-576)20987676X  |a Jugendstrafanstalt  |2 gnd 
689 0 2 |d s  |0 (DE-588)4002851-3  |0 (DE-627)104280352  |0 (DE-576)208848975  |a Architektur  |2 gnd 
689 0 |5 (DE-627) 
856 4 2 |u https://swbplus.bsz-bw.de/bsz321079299inh.htm  |m B:DE-576;DE-21  |q application/pdf  |v 20101018115055  |x Verlag  |3 Inhaltsverzeichnis  |7 1 
951 |a BO 
ELC |b 1 
LOK |0 000 xxxxxcx a22 zn 4500 
LOK |0 001 3082793711 
LOK |0 003 DE-627 
LOK |0 004 1602213852 
LOK |0 005 20101008171424 
LOK |0 008 100323||||||||||||||||ger||||||| 
LOK |0 040   |a DE-21  |c DE-627  |d DE-21 
LOK |0 852   |a DE-21 
LOK |0 852 1  |c KB 3 B 708  |9 00 
LOK |0 935   |a krim 
LOK |0 936ln  |a k12.5 
LOK |0 938   |a 1010  |f 34 
LOK |0 939   |a 23-03-10  |b l01 
ORI |a SA-MARC-krimdoka001.raw 
SIG |a UB: KB 3 B 708